000 00754nam a2200205 a 4500
003 0
005 20250306084455.0
008 101013s19uu xx 00 eng d
050 _aPHS BF 503
_b.C11 2010
100 _aCaayao, Cedrick D.
245 _aMotivation and problem solving skills of fourth year students /
_cCedrick D. Caayao.
260 _aLas PiƱas City, Philippines :
_bSouthville International School and Colleges,
_c2010.
300 _a33 pages :
_billustrations ;
_c30 cm.
504 _aIncludes bibliographical references.
650 _aMotivation in education.
650 _aProblem solving
_xPsychological aspects.
650 _aProblem-based learning.
650 _aAcademic achievement
_xPsychological aspects.
942 _2lcc
_cPASS
999 _c98436
_d98436